000 00438nam a22001577a 4500
005 20241223095059.0
008 241223b ||||| |||| 00| 0 eng d
040 _cAL
041 _aEnglish
082 _223
_a348.04
_bEASS
100 _aEastern Book Company
_9191847
245 _aSupreme Court Cases 1998: Vol 1
260 _aLucknow
_bEastern Book Company
_c2016
650 _aMode of Citation (1998) 1 SCC
_9191848
942 _2ddc
_cBI
999 _c233388
_d233388